| 000 | 00672nam a2200217Ia 4500 | ||
|---|---|---|---|
| 008 | 150520s9999 xx 000 0 und d | ||
| 050 | _aBF 698 | ||
| 050 | _b.P185 2015 | ||
| 100 | _aPamintuan, Abigail E.J. | ||
| 245 | _aLevel of self esteem and personality type of selected first born students in southville international school and colleges / | ||
| 245 | _cAbigail E.J. Pamintuan. | ||
| 260 | _aLas PiƱas, Philippines : | ||
| 260 | _bSISC, | ||
| 260 | _c2015. | ||
| 300 | _a58 pages : | ||
| 300 | _billustrations ; | ||
| 300 | _c28 cm. | ||
| 500 | _aIncludes bibliographical references and appendices. | ||
| 650 | _aPersonality | ||
| 650 | _aSelf-esteem | ||
| 999 |
_c284107 _d284107 |
||